000 00428nam a2200145Ia 4500
008 210210b1982 xxu||||| |||| 00| 0 eng d
082 _aS891.9 HEGP
100 _aHEGDE (Gurupad K).
245 _aPun In sanskrit literature - a new approach
260 _aMysore.
_bPrasaranga, University of mysore.
_c1982
300 _axii,239
650 _aPun slesa theory Slesha Alankara
690 _aSanskrit Criticism
906 _a060441
999 _c107316
_d107316